Statistiques concernant Capitales de l'Océanie - Carte Quiz

Cliquez ici pour prendre le quiz!

Statistiques générales

  • Ce quiz a été pris 13 281 fois
  • Le résultat moyen est 6 sur 14

Réponses sur la Carte

Les réponses sont colorées sur une échelle allant du rouge au vert en fonction du pourcentage des utilisateurs qui les ont devinées à leur premier essai. Vous pouvez retrouver ces pourcentages ci-dessous.
 

Statistiques - réponses

Réponse% Correct
Canberra
97%
Wellington
89%
Port Moresby
60%
Port-Vila
38%
Suva
37%
Apia
33%
Palikir
33%
Honiara
32%
Majuro
32%
Ngerulmud
32%
Nukuʻalofa
31%
Tarawa
30%
Yaren
30%
Funafuti
29%

Distribution des résultats

Percentile par nombre de réponses

% des personnes avec chaque résultat

Votre développement - résultats

Vous n’avez pas pris ce quiz